000
00173nam a2200073Ia 4500
008
170817s9999 xx 000 0 und d
100
_a
AGGARWAL J.C.
245
0
_a
MODERN INDIAN EDUCATION
260
_b
SHIPARA
999
_c
37357
_d
37357